00492nam a22001697a 450000500170000001000150001702000250003203500130005703700130007008200120008310000180009524500630011326000430017627000420021930000210026150000400028220100814145542.0 aENG-100476 a9788190793452c40.00 aEN-84009 bDBAD/PUB a539.776 aDeivamani, D. aMagnetic studies of some single crystals /cby D.Deivamani aChidambarambSahana Publicationsc2008 a12, Ganthi NagarbChidambarame608001 a64p.c20cm (pbk) aIncludes bibliographical references